Uno y el universo /

Guardado en:
Autor Principal: Sabato, Ernesto
Formato: Libro
Publicado: Buenos Aires : Sudamericana, 1973
Series:Colección Indice
Materias:
Etiquetas: Agregar Etiqueta
Sin Etiquetas, Sea el primero en etiquetar este registro!
LEADER 00576nam a22002055a 4500
001 CEM.cems012912
005 20080611124330.0
008 130507s1973##################000#0#####d
003 CEMS
082 0 4 |a A864.4 
100 1 |a Sabato, Ernesto 
245 1 0 |a Uno y el universo /  |c Ernesto Sabato 
260 |a Buenos Aires :  |b Sudamericana,  |c 1973 
300 |a 140 p. 
490 0 |a Colección Indice 
653 |a Literatura 
653 |a Literatura argentina-siglo 20 
653 |a Ensayos 
653 |a Ensayo argentino 
859 |a CEMS  |b BIB. CEMS - 11 de abril  |h A864.4  |i Sa13-1  |p 25199.08  |t Ej.1